000 00700nam a2200289Ia 4500
005 20260324124153.0
008 008 260324s9999 xx 000 0 eng d
020 _a9781315095301
037 _aEBOOK
040 _aCRL
040 _beng
040 _cCRL
041 _2eng
041 _aeng
084 _qCRL
100 _aMangai Natarajan
_91173121
245 0 _aCrime Opportunity Theories
245 0 _bRoutine Activity, Rational Choice and their Variants
260 _bTaylor and Francis
260 _c2011
365 _a
365 _b570
856 _uhttp://www.taylorfrancis.com/books/9781315095301
942 _cEBOOK
999 _c1767283
_d1767283